[Event "Wuerttemberg-chT Rapid"]
[Site "Boeblingen"]
[Date "2024.04.13"]
[Round "6.20"]
[White "Deubel, Silas"]
[Black "Guenter, Alexander"]
[Result "1/2-1/2"]
[WhiteElo "1851"]
[BlackElo "1997"]
[PlyCount "148"]
[EventDate "2024.04.13"]
[EventType "team-tourn"]
[EventRounds "9"]
[EventCountry "GER"]
[SourceTitle "CB17_2024"]
[SourceDate "2024.04.24"]
[SourceVersion "1"]
[SourceVersionDate "2024.04.24"]
[SourceQuality "1"]

1. Nf3 Nf6 2. e3 g6 3. d4 d5 4. c4 c6 5. Nc3 Bg7 6. b3 0-0 7. Bb2 Bg4 8. Be2 e6 9. h3 Bxf3 10. Bxf3 Nbd7 11. 0-0 Rc8 12. h4 h5 13. g3 dxc4 14. bxc4 e5 15. d5 cxd5 16. cxd5 Nb6 17. Qb3 Nc4 18. Rfd1 Nxb2 19. Qxb2 e4 20. Bg2 Qa5 21. Ne2 Nxd5 22. Nd4 b6 23. Rd2 Qc3 24. Bxe4 Qxb2 25. Rxb2 Nc3 26. Bf3 Bxd4 27. exd4 Rfd8 28. Rd2 Rc4 29. d5 Rd6 30. Re1 Rc5 31. Re7 a5 32. Re5 Kg7 33. Kg2 b5 34. Kh3 b4 35. g4 hxg4+ 36. Kxg4 a4 37. h5 gxh5+ 38. Kxh5 Rc4 39. Rg5+ Kh7 40. Rg4 Rh6+ 41. Kg5 Rg6+ 42. Kf5 Rd6 43. Rxc4 Kg7 44. Rxb4 Rf6+ 45. Kg4 Rg6+ 46. Kf4 Rf6+ 47. Kg3 Rg6+ 48. Rg4 Rxg4+ 49. Bxg4 Ne4+ 50. Kf4 Nxd2 51. d6 Kf6 52. d7 Ke7 53. Ke3 Nc4+ 54. Kd4 Nd2 55. f3 f5 56. Bxf5 Nxf3+ 57. Kc3 a3 58. Kb4 Nd4 59. Bg4 Nc2+ 60. Kb3 Ne3 61. Bh3 Kd8 62. Kxa3 Nc4+ 63. Kb4 Nb6 64. a4 Nxd7 65. Kb5 Ne5 66. a5 Kc7 67. a6 Nc6 68. Bg2 Na7+ 69. Kc5 Nc8 70. Bf3 Na7 71. Be4 Nc8 72. Bf5 Nb6 73. a7 Kb7 74. Be4+ Kxa7 1/2-1/2

[Event "Arco op 43rd"]
[Site "Arco"]
[Date "2021.10.12"]
[Round "4"]
[White "Deubel, Silas"]
[Black "Hilbenz, Guntram"]
[Result "0-1"]
[WhiteElo "1531"]
[BlackElo "1873"]
[PlyCount "49"]
[EventDate "2021.10.09"]
[EventType "swiss"]
[EventRounds "9"]
[EventCountry "ITA"]
[SourceTitle "CBM 204 Extra"]
[Source "ChessBase"]
[SourceDate "2021.11.30"]
[SourceVersion "1"]
[SourceVersionDate "2021.11.30"]
[SourceQuality "1"]

1. e4 e5 2. f4 d5 3. exd5 exf4 4. Nf3 Nf6 5. Bc4 Nxd5 6. 0-0 Be6 7. d4 Bd6 8. Bxd5 Bxd5 9. c4 Bxf3 10. Qxf3 Nc6 11. d5 Nd4 12. Qe4+ Qe7 13. Qxe7+ Kxe7 14. Nc3 g5 15. Ne4 h6 16. Bd2 f5 17. Rae1 fxe4 18. Rxe4+ Kd7 19. Bc3 Nf5 20. Bxh8 Rxh8 21. Kf2 g4 22. g3 fxg3+ 23. Kg1 gxh2+ 24. Kg2 Rf8 25. Rfe1 0-1